An American childhood (Record no. 590786)
[ view plain ]
| 000 -LEADER | |
|---|---|
| fixed length control field | 00927cam a2200301 a 4500 |
| 001 - CONTROL NUMBER | |
| control field | 4788329 |
| 003 - CONTROL NUMBER IDENTIFIER | |
| control field | NUST |
| 005 - DATE AND TIME OF LATEST TRANSACTION | |
| control field | 20220806150507.0 |
| 008 - FIXED-LENGTH DATA ELEMENTS--GENERAL INFORMATION | |
| fixed length control field | 870323s1987 nyub 000 0aeng |
| 010 ## - LIBRARY OF CONGRESS CONTROL NUMBER | |
| LC control number | 87045042 |
| 020 ## - INTERNATIONAL STANDARD BOOK NUMBER | |
| International Standard Book Number | 0060158050 : |
| Terms of availability | $16.95 |
| 020 ## - INTERNATIONAL STANDARD BOOK NUMBER | |
| International Standard Book Number | 0060158344 (lim. ed.) |
| 038 ## - RECORD CONTENT LICENSOR | |
| Staff Name | Azhar |
| 040 ## - CATALOGING SOURCE | |
| Original cataloging agency | DLC |
| Transcribing agency | DLC |
| Modifying agency | DLC |
| 043 ## - GEOGRAPHIC AREA CODE | |
| Geographic area code | n-us-pa |
| 050 00 - LIBRARY OF CONGRESS CALL NUMBER | |
| Classification number | PS3554.I398 |
| Item number | Z464 1987 |
| 082 00 - DEWEY DECIMAL CLASSIFICATION NUMBER | |
| Classification number | 818.5409 |
| -- | B |
| Edition number | 19 |
| Author Mark | DIL |
| 100 1# - MAIN ENTRY--PERSONAL NAME | |
| Personal name | Dillard, Annie. |
| 9 (RLIN) | 96559 |
| 245 13 - TITLE STATEMENT | |
| Title | An American childhood |
| Statement of responsibility, etc. | Annie Dillard. |
| 260 ## - PUBLICATION, DISTRIBUTION, ETC. | |
| Place of publication, distribution, etc. | New York : |
| Name of publisher, distributor, etc. | Harper & Row, |
| Date of publication, distribution, etc. | c1987. |
| 300 ## - PHYSICAL DESCRIPTION | |
| Extent | 255 p. : |
| Other physical details | map ; |
| Dimensions | 25 cm. |
| 500 ## - GENERAL NOTE | |
| General note | Map on lining papers. |
| 600 10 - SUBJECT ADDED ENTRY--PERSONAL NAME | |
| Personal name | Dillard, Annie |
| General subdivision | Childhood and youth. |
| 9 (RLIN) | 96560 |
| 650 #0 - SUBJECT ADDED ENTRY--TOPICAL TERM | |
| Topical term or geographic name entry element | Authors, American |
| Chronological subdivision | 20th century |
| General subdivision | Biography. |
| 9 (RLIN) | 7675 |
| 651 #0 - SUBJECT ADDED ENTRY--GEOGRAPHIC NAME | |
| Geographic name | Pittsburgh (Pa.) |
| General subdivision | Social life and customs. |
| 9 (RLIN) | 96561 |
| 906 ## - LOCAL DATA ELEMENT F, LDF (RLIN) | |
| a | 7 |
| b | cbc |
| c | orignew |
| d | 1 |
| e | ocip |
| f | 19 |
| g | y-gencatlg |
| 942 ## - ADDED ENTRY ELEMENTS (KOHA) | |
| Source of classification or shelving scheme | |
| Koha item type | Lincoln Corner |
| Withdrawn status | Lost status | Source of classification or shelving scheme | Damaged status | Not for loan | Permanent Location | Current Location | Shelving location | Date acquired | Full call number | Barcode | Date last seen | Price effective from | Koha item type |
|---|---|---|---|---|---|---|---|---|---|---|---|---|---|
| Central Library (CL) | Central Library (CL) | Lincoln Corner | 08/06/2022 | 818.5409 DIL | LC-309 | 08/06/2022 | 08/06/2022 | Reference |
